|
|
|
|
| LEADER |
00000nas a2200000 a 4500 |
| 001 |
ssj0007118 |
| 003 |
WaSeSS |
| 005 |
20200512172242.0 |
| 006 |
m d |
| 007 |
cr n |
| 008 |
980507c19519999oncmr pss 0 a0eng d |
| 010 |
|
|
|a cn 99790005
|
| 015 |
|
|
|a C 750718196
|
| 015 |
|
|
|a 997900059
|2 can
|
| 016 |
|
|
|a 997900059
|
| 016 |
7 |
|
|a 003271500
|2 IsJJNL
|
| 016 |
|
|
|a (AMICUS)000015828382
|
| 022 |
|
|
|a 1208-6045
|l 0008-4204
|y 0008-4204
|
| 030 |
|
|
|a CJPHAD
|
| 035 |
|
|
|a (WaSeSS)ssj0007118
|
| 037 |
|
|
|b Canadian Science Publishing, NRC Research Press, P.O. Box 830399, Birmingham, AL 35283-0399
|
| 040 |
|
|
|a F#A
|b eng
|c F#A
|d NLC
|d OCL
|d OCLCQ
|d OCL
|d MUQ
|d OCLCQ
|d BUF
|d AU@
|d OCLCE
|d OCLCQ
|d OCLCF
|d VT2
|d OCLCO
|d J9U
|d KQW
|d OCLCO
|d OCLCQ
|d DLC
|d OCLCO
|d OCLCQ
|d OCLCO
|d OCLCQ
|d DLC
|d OCLCQ
|d UAB
|d COCUF
|d LIP
|d XFH
|d UEJ
|d CNKUC
|d Z5A
|d WT2
|d ZAC
|d RCE
|d U3W
|d NZAUC
|d LND
|d UOK
|d MOW
|d NTG
|d TOF
|d WYU
|d AUD
|d CEF
|d CN8ML
|d OCLCO
|d OCLCA
|d WaSeSS
|
| 041 |
0 |
|
|a eng
|b fre
|
| 042 |
|
|
|a nlc
|a isds/c
|a dlr
|
| 050 |
|
4 |
|a QC1
|
| 060 |
|
4 |
|a W1
|b CA599
|
| 082 |
1 |
4 |
|a 530
|2 13
|
| 130 |
0 |
|
|a Canadian journal of physics (Online)
|
| 210 |
0 |
|
|a Can. j. phys.
|b (Online)
|
| 222 |
|
0 |
|a Canadian journal of physics
|b (Online)
|
| 245 |
1 |
0 |
|a Canadian journal of physics
|h [electronic resource] =
|b Revue canadienne de physique.
|
| 246 |
3 |
1 |
|a Revue canadienne de physique
|
| 260 |
|
|
|a [Ottawa] :
|b [NRC Research Press, National Research Council of Canada]
|
| 260 |
3 |
|
|3 <2010->
|a Ottawa, ON :
|b Canadian Science Publishing
|
| 310 |
|
|
|a Monthly,
|b 1978-
|
| 321 |
|
|
|a Frequency varies,
|b 1951-1977
|
| 362 |
1 |
|
|a Print began with vol. 29, no. 1 (Jan. 1951).
|
| 506 |
|
|
|a License restrictions may limit access.
|
| 538 |
|
|
|a Master and use copy. Digital master created according to Benchmark for Faithful Digital Reproductions of Monographs and Serials, Version 1. Digital Library Federation, December 2002.
|u http://purl.oclc.org/DLF/benchrepro0212
|5 MiAaHDL
|
| 538 |
|
|
|a Mode of access: World Wide Web.
|
| 546 |
|
|
|a Text in English with abstracts in English and French.
|
| 550 |
|
|
|a Volumes for 2011- issued by NRC Research Press.
|
| 583 |
1 |
|
|a digitized
|c 2010
|h HathiTrust Digital Library
|l committed to preserve
|5 MiAaHDL
|2 pda
|
| 588 |
|
|
|a Description based on: Vol. 75, no. 1 (Jan. 1997); title from journal information screen (viewed May 4, 1998).
|
| 588 |
|
|
|a Latest issue consulted: V. 89, no. 3 (Mar. 2011) (NRC Research Press website, viewed Apr. 27, 2011).
|
| 650 |
|
0 |
|a Physics
|v Periodicals.
|
| 650 |
|
2 |
|a Physics.
|
| 650 |
|
6 |
|a Physique
|v Périodiques.
|
| 650 |
|
7 |
|a Physics.
|2 fast
|0 (OCoLC)fst01063025
|
| 650 |
1 |
7 |
|a Natuurkunde.
|2 gtt
|
| 655 |
|
0 |
|a Electronic journals.
|
| 710 |
2 |
|
|a National Research Council Canada.
|
| 710 |
2 |
|
|a NRC Research Press.
|
| 776 |
0 |
8 |
|i Print version:
|t Canadian journal of physics
|x 0008-4204
|w (DLC) 53035015
|w (OCoLC)1553153
|
| 856 |
4 |
0 |
|z Full text available from Research Library: 01/01/1998 to 04/30/2007
|u https://search.proquest.com/publication/47725
|